000 00392cam a2200169 4500
001 D12664
008 090401t xxu||||| |||| 00| 0 eng d
035 _a(Sirsi) u5031
041 _aeng
100 _aEamer, A. Stanley
245 _aValuation for rating purposes
260 _aLondon
_bRating and Income Tax
_cnd
350 _a0
520 _aShelf 115
942 _n0
948 _c04/03/1997
999 _c86111
_d86111